000 00572pam a2200169 a 4500
005 20250901165434.0
008 891117s1990 nyuaf b 001 0 eng
010 _a 89026827
020 _a0060403519
050 0 0 _aHD62.4 .A75 1990
_b.A75 1990
082 0 0 _a658/.049
_220
100 1 _aAsheghian, Parviz,
_d1943-
245 1 0 _aInternational business :
_beconomics, environment, and strategies /
_cParviz Asheghian, Bahman Ebrahimi.
260 _aNew York :
_bHarper & Row,
_cc1990.
300 _axxvi, 789 p., [7] p. of plates :
_bill. (some col.) ;
_c25 cm.
942 _2lcc
999 _c3983
_d3983